Marques d'eau en bouteille - Statistiques

Statistiques générales
  • Ce quiz a été pris 373 fois
    316 depuis la dernière actualisation
  • Le résultat moyen est 8 sur 79
Statistiques - réponses
Hint Réponse % Correct
C Cristaline
91%
E Evian
88%
V Volvic
69%
V Vittel
65%
C Contrex
56%
P Perrier
54%
H Hépar
52%
B Badoit
48%
S San Pellegrino
42%
La S La Salvetat
23%
M Mont-Roucous
21%
C Courmayeur
20%
Q Quézac
20%
V Vichy-Célestins
20%
S Saint-Yorre
15%
R Rozana
13%
T Thonon
12%
W Wattwiller
8%
S Saint-Amand
6%
S Saint-Georges
5%
A Abatilles
4%
A Aix-les-Bains
4%
C Carola
4%
O Ondine
4%
C Châteldon
3%
F Fiée des Lois
3%
O Orezza
3%
V Vals-Manon
3%
V Vals-Saint-Jean
3%
V Vals-Saint-Pierre
3%
V Vals-Vivaraise
3%
A Arvie
2%
C Celtic
2%
N Nessel
2%
P Plancoët
2%
S Saint-Antonin
2%
S Sainte-Marguerite
2%
S Saint Michel de Mourcairol
2%
Z Zilia
2%
A Amanda
1%
A Aquarel
1%
A Arcens
1%
C Chambon
1%
C Cilaos
1%
D Didier
1%
I Isabelle
1%
La F La Française
1%
P Parot
1%
S Saint-Géron
1%
V Velleminfroy
1%
V Vernière
1%
A Aizac
0%
A Alizée
0%
B Biovive
0%
C César
0%
C Chantemerle
0%
C Châteauneuf-Auvergne
0%
F Faustine
0%
H Hydroxydase
0%
J Jolival
0%
J Julia
0%
La C La Cairolle
0%
Le V Le Vernet
0%
L'i L’Incomparable
0%
L Luchon
0%
M Montarcher
0%
M Montcalm
0%
O Ogeu
0%
O Orée du Bois
0%
P Prince Noir
0%
P Puits-St-Georges
0%
R Reine des Basaltes
0%
S Sail Les Bains
0%
S Saint-Alban
0%
S Saint-Diéry
0%
S Saint-Martin d'Abbat
0%
T Treignac
0%
V Vauban
0%
V Ventadour
0%
Aucun quiz correspondant
Distribution des résultats
% des personnes avec chaque résultat
Percentile par nombre de réponses
Votre historique - résultats
Vous n’avez pas pris ce quiz depuis la dernière actualisation